Zufällige Länder auf der Weltkarte - Statistiken

Allgemein
  • Dieses Quiz wurde 131 mal gespielt
  • Das Durchschnittsergebnis liegt bei 17 aus 20
Antworten auf der Karte
Die Antworten werden auf der Karte rot bzw. grün angezeigt, abhängig davon wie oft sie richtig erraten wurden.
 
Antwortstatistiken
Land % Korrekt
Afghanistan
100%
Ägypten
100%
Albanien
100%
Angola
100%
Argentinien
100%
Australien
100%
Belarus
100%
Belgien
100%
Bosnien und Herzegowina
100%
Brasilien
100%
Chile
100%
China
100%
Dänemark
100%
Demokratische Republik Kongo
100%
Deutschland
100%
Elfenbeinküste
100%
Estland
100%
Finnland
100%
Frankreich
100%
Griechenland
100%
Honduras
100%
Indien
100%
Indonesien
100%
Irak
100%
Iran
100%
Irland
100%
Island
100%
Israel
100%
Italien
100%
Japan
100%
Jemen
100%
Kanada
100%
Kasachstan
100%
Kenia
100%
Kirgisistan
100%
Kolumbien
100%
Kosovo
100%
Kroatien
100%
Kuba
100%
Lettland
100%
Liberia
100%
Libyen
100%
Litauen
100%
Marokko
100%
Mongolei
100%
Namibia
100%
Neuseeland
100%
Niederlande
100%
Nordkorea
100%
Norwegen
100%
Österreich
100%
Panama
100%
Papua-Neuguinea
100%
Paraguay
100%
Peru
100%
Philippinen
100%
Polen
100%
Portugal
100%
Rumänien
100%
Russland
100%
Schweden
100%
Schweiz
100%
Senegal
100%
Serbien
100%
Seychellen
100%
Slowakei
100%
Slowenien
100%
Spanien
100%
Sri Lanka
100%
Suriname
100%
Tschechien
100%
Türkei
100%
Ukraine
100%
Ungarn
100%
Uruguay
100%
Vereinigtes Königreich
100%
Vereinigte Staaten
100%
Vietnam
100%
Zypern
100%
Guatemala
94%
Mexiko
93%
Tunesien
93%
Algerien
92%
Äthiopien
92%
Niger
92%
Pakistan
92%
Südkorea
92%
Zentralafrikanische Republik
92%
Dominikanische Republik
91%
Guyana
91%
Mauretanien
91%
Montenegro
91%
São Tomé und Príncipe
91%
Burundi
90%
Nicaragua
90%
Sudan
90%
Tadschikistan
90%
Bahamas
89%
Belize
89%
Katar
89%
Kiribati
89%
Moldawien
89%
Oman
89%
Südafrika
89%
Bolivien
88%
Malta
88%
Ruanda
88%
Tschad
88%
Bangladesch
86%
Jamaika
86%
Kambodscha
86%
Südsudan
86%
Venezuela
86%
Aserbaidschan
85%
Ecuador
85%
Salomonen
85%
Dschibuti
83%
Libanon
83%
Malaysia
83%
Malediven
83%
Myanmar
83%
Nordmazedonien
83%
Samoa
83%
Thailand
83%
Turkmenistan
83%
Somalia
82%
Armenien
80%
Ghana
80%
Komoren
80%
Luxemburg
80%
Madagaskar
80%
Mali
80%
Nepal
80%
Usbekistan
80%
Bulgarien
78%
Kuwait
78%
Mosambik
78%
Nigeria
78%
Sierra Leone
78%
Laos
77%
Botswana
75%
Burkina Faso
75%
Eswatini
75%
Fidschi
75%
Lesotho
75%
Eritrea
73%
Benin
71%
Gambia
71%
Jordanien
71%
Kamerun
71%
Nauru
71%
Sambia
71%
Syrien
71%
El Salvador
70%
Haiti
70%
Tonga
70%
Bhutan
69%
Äquatorial-Guinea
67%
Costa Rica
67%
Kap Verde
67%
Marshallinseln
67%
Simbabwe
67%
Tansania
67%
Togo
67%
Vereinigte Arabische Emirate
67%
Osttimor
64%
Taiwan
64%
Malawi
63%
Mauritius
63%
Palau
62%
Saudi-Arabien
60%
Guinea-Bissau
58%
Republik Kongo
56%
Trinidad und Tobago
56%
Barbados
55%
Föderierte Staaten von Mikronesien
50%
Gabun
50%
Georgien
50%
Guinea
50%
Liechtenstein
50%
Vanuatu
50%
Uganda
44%
Vatikanstadt
43%
St. Vincent und die Grenadinen
30%
Tuvalu
29%
Antigua und Barbuda
25%
Bahrain
25%
Grenada
25%
Brunei
20%
Singapur
20%
St. Lucia
20%
Dominica
19%
Andorra
9%
Monaco
0%
San Marino
0%
St. Kitts und Nevis
0%
Keine übereinstimmenden Quizze gefunden
Verteilung der Resultate
Anzahl Personen mit jedem Resultat
Perzentil nach korrekt beantworteten Fragen
Ihre Resultats-Entwicklung
Sie haben dieses Quiz noch nicht gespielt